000 01154nam a2200217Ia 4500
001 7663
003 GE_BSU
008 181216s||||||||xx |||||||||||||| ||und||
040 _cGE_BSU
245 _aსაქართველოს ბიბლიოთეკა :№4(53) 2013
245 _bჟურნალი გამოდის წელიწადში ოთხჯერ.
245 _cრედ.: ალექსანდრე ლორია, გურამ თაყნიაშვილი.
260 _aთბილისი.
260 _bინდსაწარმო ”ალი”
260 _c2013.
300 _a40გვ;28სმ.
520 _aდამფუძნებლები: საქართველოს პარლამენტის ილია ჭავჭავაძის სახელობის ეროვნული ბიბლიოთეკა,საქართველოს საბიბლიოთეკო ასოციაცია.
653 _aპერიოდიკა
653 _aსაქართველოს ბიბლიოთეკა
942 _cCR
999 _c41015
_d41015